Tratado de construcción: elementos, estructuras y reglas fundamentales de la construcción

保存先:
書誌詳細
第一著者: Schmitt, Heinrich (著者)
フォーマット: 図書
言語:スペイン語
出版事項: Barcelona Gustavo Gili 1961
版:2a. ed
主題:
タグ: タグ追加
タグなし, このレコードへの初めてのタグを付けませんか!

MARC

LEADER 00000nam a2200000 a 4500
001 UCO6436
003 CL-VaPUC
008 001020e19610000SP |||||||||||||||||spa|d
082 0 4 |a 690  |b SCH  |2 21 
100 0 |a Schmitt, Heinrich  |e author  |9 451073 
245 1 0 |a Tratado de construcción: elementos, estructuras y reglas fundamentales de la construcción 
250 |a 2a. ed 
300 |a 560 p 
942 |c BK 
945 |d 20001020 00:00:00  |a crobeson 
260 |a Barcelona  |b Gustavo Gili  |c 1961 
650 0 |a Construcción  |9 260195 
650 0 |a Manuales  |9 257144 
583 |a last modification  |c 20001020 00:00:00  |k Rodrigo Vera 
999 |c 291966  |d 291964 
952 |0 0  |1 0  |4 0  |6 690_000000000000000_SCH_1961  |7 0  |8 P  |9 342328  |a BIBARQ  |b BIBARQ  |d 2019-11-20  |i 1227300  |o 690 SCH 1961  |p 1227300  |r 2025-01-20  |w 2019-11-20  |y BK  |k ARQ